[Event "AUTO-OPEN-932"]
[Site "http://www.queenalice.com/game.php?id=407855"]
[Date "2008.5.25"]
[Round "2"]
[White "rangeljs"]
[Black "Rgbug"]
[Result "0-1"]
[WhiteElo "1851"]
[BlackElo "2058"]

1. e4 e6 2. d4 d5 3. e5 c5 4. c3 Qb6 5. Nf3 Nc6 6. a4 cxd4 7. Bb5 dxc3 8. Nxc3
Bb4 9. Be3 Qa5 10. Bd2 Bd7 11. O-O a6 12. Bxc6 Bxc6 13. Nd4 Ne7 14. Qg4 g6 15.
Bg5 Bxc3 16. bxc3 Rc8 17. Bxe7 Kxe7 18. Qg5+ Kd7 19. c4 dxc4 20. Rfd1 Bd5 21.
Ne2 Qd8 22. Qd2 Rc5 23. Nf4 Qc7 24. Nh3 Qxe5 25. Ng5 Qf5 26. h4 h6 27. Nh3 Qg4
28. f3 Qxh4 29. Qb2 Rb8 30. Qe5 Rbc8 31. Nf4 Qg5 32. Qd4 e5 33. Nh3 exd4 34.
Nxg5 hxg5 35. Rxd4 c3 36. Rad1 c2 37. Rxd5+ Rxd5 38. Rxd5+ Ke6 0-1

[Event "Final - melhor de 5"]
[Site "http://www.queenalice.com/game.php?id=412677"]
[Date "2008.6.3"]
[Round "-"]
[White "PAESLEME"]
[Black "rangeljs"]
[Result "1-0"]
[WhiteElo "1577"]
[BlackElo "1859"]

1. d4 e6 2. c4 c6 3. Nc3 Bb4 4. Nf3 Qa5 5. Qc2 Nf6 6. a3 Bxc3+ 7. bxc3 h6 8. e4
d6 9. Bf4 O-O 10. Bxd6 Rd8 11. Be7 Rd7 12. Bxf6 gxf6 13. h4 e5 14. d5 Rd6 15. h5
Bg4 16. Be2 Nd7 17. Rh4 Bxf3 18. Bxf3 Nc5 19. Qd2 Nb3 20. Qxh6 Qxc3+ 21. Ke2
Nd4+ 22. Kd1 Qxa1+ 23. Kd2 Qa2+ 24. Ke1 Nc2+ 25. Kd1 Qb1+ 26. Kd2 Qe1+ 27. Kxc2
Qxf2+ 28. Kb3 Qxh4 29. c5 Rdd8 30. d6 b6 31. Qe3 bxc5 32. Qxc5 Rab8+ 33. Kc4 Qf2
34. Qxf2 Rxd6 35. h6 Kh7 36. Qxa7 Rd4+ 37. Kc5 Rf8 38. Qe7 Rdd8 39. Qxf6 Rg8 40.
Bh5 Rxg2 41. Qxd8 Kxh6 42. Qh8+ Kg5 43. Qxe5+ Kh4 44. Bxf7 Rg5 45. Qxg5+ Kxg5
46. a4 Kf6 47. Ba2 Ke5 48. a5 Kxe4 49. a6 Kd3 50. a7 1-0

[Event "A DERROTA DO PATO - JOGO 1/10"]
[Site "http://www.queenalice.com/game.php?id=423324"]
[Date "2008.6.26"]
[Round "-"]
[White "rangeljs"]
[Black "PAESLEME"]
[Result "1-0"]
[WhiteElo "1859"]
[BlackElo "1604"]

1. e4 e5 2. Nf3 Nc6 3. Bb5 Bd6 4. Bxc6 bxc6 5. d4 Nf6 6. dxe5 Bxe5 7. Nxe5 Qe7
8. Nd3 Nxe4 9. O-O O-O 10. Be3 Re8 11. Nd2 d5 12. Nxe4 Qxe4 13. Re1 Bg4 14. f3
Bxf3 15. Qxf3 Qg6 16. Bd4 Re6 17. Rxe6 fxe6 18. Rf1 h6 19. Ne5 Qg5 20. Qf7+ Kh7
21. Qxe6 Rb8 22. Qxc6 Rb4 23. Nf3 Qg4 24. Qxd5 a6 25. a3 Rb5 26. Qc4 Rxb2 27.
Qd3+ Qg6 28. Qxg6+ Kxg6 29. Bxb2 c5 30. Ne5+ Kh5 31. g3 a5 32. Rf5+ g5 33. Bc3
1-0

[Event "AUTO-OPEN-963"]
[Site "http://www.queenalice.com/game.php?id=423437"]
[Date "2008.6.26"]
[Round "3"]
[White "bruno_borges"]
[Black "rangeljs"]
[Result "1-0"]
[WhiteElo "1930"]
[BlackElo "1873"]

1. e4 e5 2. Nf3 Nc6 3. Bb5 Qf6 4. d3 a6 5. Bxc6 dxc6 6. O-O h6 7. b3 Bg4 8. Bb2
Bd6 9. Nbd2 h5 10. h3 Bxf3 11. Qxf3 Qh6 12. Nc4 f6 13. Rad1 g5 14. Qe3 Qg6 15.
d4 g4 16. h4 O-O-O 17. dxe5 fxe5 18. Nxe5 Qe8 19. Nf7 Qxf7 20. Bxh8 b6 21. e5
Bc5 22. Rxd8+ Kxd8 23. Qg5+ Be7 24. Bf6 Nxf6 25. exf6 Bxf6 26. Rd1+ Kc8 27. Qf5+
Kb8 28. Rd8+ Ka7 29. Rd7 Qf8 30. Rxc7+ Kb8 31. Rxc6 1-0

[Event "AUTO-OPEN-963"]
[Site "http://www.queenalice.com/game.php?id=423438"]
[Date "2008.6.26"]
[Round "3"]
[White "rangeljs"]
[Black "bruno_borges"]
[Result "0-1"]
[WhiteElo "1880"]
[BlackElo "1926"]

1. e4 e5 2. Nf3 Nc6 3. Bc4 Bc5 4. c3 Nf6 5. Qb3 O-O 6. Ng5 Qe7 7. O-O h6 8. Nf3
d6 9. h3 Bb6 10. Nh4 Nxe4 11. Ng6 Qg5 12. Nxf8 Bxh3 13. g3 Nxg3 14. d4 Ne2+ 0-1

[Event "A DERROTA DO PATO - JOGO 2/10"]
[Site "http://www.queenalice.com/game.php?id=434088"]
[Date "2008.7.16"]
[Round "-"]
[White "rangeljs"]
[Black "PAESLEME"]
[Result "1-0"]
[WhiteElo "1865"]
[BlackElo "1598"]

1. e4 e5 2. Bc4 Nc6 3. Nf3 h6 4. O-O g5 5. d4 Bg7 6. d5 Nb4 7. a3 Na6 8. Bxa6
bxa6 9. d6 c6 10. c4 c5 11. Qd5 Rb8 12. Nxe5 Qf6 13. Ng4 Qd4 14. Qf5 Qxd6 15. e5
Qc6 16. f4 Ne7 17. Qc2 h5 18. Nf6+ Bxf6 19. exf6 Qxf6 20. fxg5 Qd4+ 21. Kh1 Bb7
22. Nc3 h4 23. h3 Qxc4 24. Qf2 d6 25. Be3 Kd7 26. Rad1 Rbf8 27. Bxc5 Nc8 28.
Qf5+ Kc7 29. Nd5+ Bxd5 30. Rxd5 dxc5 31. Rxc5+ Qxc5 32. Qxc5+ Kb7 33. Rd1 Nb6
34. Qe7+ Ka8 35. Rc1 Rb8 36. Rc7 Nc8 37. Qe4+ 1-0

[Event "A DERROTA DO PATO - JOGO 3/10"]
[Site "http://www.queenalice.com/game.php?id=435120"]
[Date "2008.7.18"]
[Round "-"]
[White "PAESLEME"]
[Black "rangeljs"]
[Result "1-0"]
[WhiteElo "1593"]
[BlackElo "1870"]

1. d4 d5 2. c4 dxc4 3. e4 b5 4. a4 c6 5. axb5 cxb5 6. b3 Nf6 7. e5 Nd5 8. bxc4
bxc4 9. Bxc4 e6 10. Bd2 Qb6 11. Bxd5 exd5 12. Ba5 Qg6 13. g3 Qe4+ 14. Kf1 Qxh1
15. Nd2 Bh3+ 16. Ke2 Qxh2 17. Ndf3 Qg2 18. Qd3 Bg4 19. Qb5+ Nd7 20. Qxd5 Bxf3+
21. Nxf3 Rb8 22. Rc1 Rb2+ 23. Bd2 Rb8 24. e6 fxe6 25. Qxe6+ Be7 26. Bg5 Nf6 27.
Rc8+ Rxc8 28. Qxc8+ Bd8 29. Qc6+ Kf8 30. Qd6+ Kf7 31. Bxf6 Re8+ 32. Ne5+ Rxe5+
33. Bxe5 Qe4+ 34. Kf1 Be7 35. Qa6 Qb1+ 36. Kg2 Qe4+ 37. Kh3 Qa8 38. f4 h5 39.
Qc4+ Kf8 40. d5 a5 41. g4 hxg4+ 42. Kxg4 Qa7 43. Qc8+ Kf7 44. Qe6+ Kf8 45. Kf5
Qg1 46. d6 g6+ 47. Ke4 Qg2+ 48. Kd4 Bd8 49. d7 Qd2+ 50. Ke4 Qb4+ 51. Kf3 Qe7 52.
Qd5 Qa3+ 53. Kg4 Ke7 54. Bg7 Qd6 55. Bf8+ Kxf8 56. Qxd6+ 1-0

[Event "A DERROTA DO PATO - JOGO 4/10"]
[Site "http://www.queenalice.com/game.php?id=440080"]
[Date "2008.7.28"]
[Round "-"]
[White "PAESLEME"]
[Black "rangeljs"]
[Result "0-1"]
[WhiteElo "1647"]
[BlackElo "1843"]

1. d4 d5 2. c4 c6 3. Nc3 dxc4 4. e4 b5 5. a4 b4 6. Nce2 e6 7. Nf4 c3 8. bxc3
bxc3 9. Nge2 Bb4 10. Qc2 Qa5 11. Ba3 Nf6 12. Bxb4 Qxb4 13. f3 O-O 14. Rb1 Qa5
15. Nxc3 Nbd7 16. g4 e5 17. dxe5 Nxe5 18. Be2 Ba6 19. Bxa6 Qxa6 20. Rf1 Rad8 21.
Kf2 Nc4 22. Rfd1 Na3 23. Qb2 Nxb1 24. Rxb1 Nd7 25. Nh5 Ne5 26. Kg3 Qd3 27. h3
Qxf3+ 28. Kh4 Ng6+ 0-1

[Event "AUTO-OPEN-932"]
[Site "http://www.queenalice.com/game.php?id=442262"]
[Date "2008.8.1"]
[Round "3"]
[White "pomar"]
[Black "rangeljs"]
[Result "1-0"]
[WhiteElo "1981"]
[BlackElo "1781"]

1. f3 e5 2. Kf2 d5 3. e3 Bc5 4. d4 exd4 5. exd4 Qh4+ 6. g3 Qxd4+ 7. Qxd4 Bxd4+
8. Kg2 Nf6 9. c3 Bb6 10. Bg5 Nbd7 11. Nd2 h6 12. Re1+ Kd8 13. Bxf6+ Nxf6 14. Bd3
h5 15. Nh3 Bxh3+ 16. Kxh3 h4 17. g4 d4 18. Bc4 dxc3 19. bxc3 c6 20. Bxf7 Kc7 21.
Re7+ Kd6 22. Rxb7 Nd5 23. Bxd5 cxd5 24. Rxg7 Be3 25. Rd1 Bxd2 26. Rxd2 1-0

[Event "AUTO-OPEN-932"]
[Site "http://www.queenalice.com/game.php?id=442263"]
[Date "2008.8.1"]
[Round "3"]
[White "rangeljs"]
[Black "pomar"]
[Result "0-1"]
[WhiteElo "1773"]
[BlackElo "1989"]

1. e4 e6 2. Nc3 c5 3. Bc4 a6 4. Qf3 b5 5. e5 Nc6 6. Bd3 Rb8 7. Be4 Nxe5 8. Qg3
d6 9. Nf3 Nxf3+ 10. Bxf3 Bb7 11. d3 Bxf3 12. Qxf3 Nf6 13. Qc6+ Qd7 14. Qxa6 Be7
15. a4 bxa4 16. Nxa4 O-O 17. b3 d5 18. Bg5 Ra8 19. Qxa8 Rxa8 20. O-O h6 21. Nb6
Rxa1 22. Nxd7 Rxf1+ 23. Kxf1 hxg5 24. Ne5 Bd6 25. Nf3 g4 26. Nd2 Nd7 0-1

[Event "AUTO-OPEN-932"]
[Site "http://www.queenalice.com/game.php?id=442264"]
[Date "2008.8.1"]
[Round "3"]
[White "Rgbug"]
[Black "rangeljs"]
[Result "1-0"]
[WhiteElo "2068"]
[BlackElo "1823"]

1. e4 e5 2. Nf3 Nc6 3. Bc4 Nd4 4. Nxe5 Qg5 5. Bxf7+ Ke7 6. O-O Qxe5 7. Bb3 Kd8
8. d3 Bd6 9. f4 Qf6 10. e5 Bxe5 11. fxe5 Qb6 12. Bg5+ Ke8 13. Bf7+ Kf8 14. Bh5+
Nf6 15. Kh1 h6 16. Bxf6 Kg8 17. Bxg7 Rh7 18. Bf7+ Kxg7 19. Qg4+ Kf8 20. Qg8+ Ke7
21. Qe8# 1-0

[Event "AUTO-OPEN-932"]
[Site "http://www.queenalice.com/game.php?id=442265"]
[Date "2008.8.1"]
[Round "3"]
[White "rangeljs"]
[Black "Rgbug"]
[Result "0-1"]
[WhiteElo "1830"]
[BlackElo "2061"]

1. e4 e6 2. Nc3 d5 3. exd5 exd5 4. d4 Nf6 5. Bg5 c6 6. h3 Bb4 7. Qf3 Nbd7 8. a3
Bxc3+ 9. Qxc3 O-O 10. O-O-O Re8 11. h4 Qc7 12. h5 Ne4 13. Qe3 Ndf6 14. Bxf6 Nxf6
15. Qf3 Bg4 16. Qd3 Qf4+ 17. Rd2 Re1# 0-1

[Event "Challenge"]
[Site "http://www.queenalice.com/game.php?id=443597"]
[Date "2008.8.4"]
[Round "-"]
[White "ORNELAS"]
[Black "rangeljs"]
[Result "1-0"]
[WhiteElo "1725"]
[BlackElo "1851"]

1. b3 e5 2. d3 d5 3. Bb2 Nc6 4. g3 d4 5. Bg2 Bb4+ 6. c3 dxc3 7. Nxc3 Qd4 8. Rc1
Bc5 9. e3 Qb4 10. Ne2 Bg4 11. O-O O-O-O 12. a3 Qb6 13. b4 Bd6 14. Nd5 Qb5 15.
Ndc3 Qa6 16. h3 Bxe2 17. Qxe2 b5 18. Nd5 Nge7 19. Nxe7+ Nxe7 20. Qg4+ f5 21.
Qxg7 f4 22. exf4 exf4 23. Qf7 fxg3 24. Bxh8 1-0

[Event "AUTO-OPEN-1026"]
[Site "http://www.queenalice.com/game.php?id=452027"]
[Date "2008.8.22"]
[Round "2"]
[White "od_xavier"]
[Black "rangeljs"]
[Result "1-0"]
[WhiteElo "1792"]
[BlackElo "1766"]

1. e4 e5 2. Nf3 Nc6 3. Bb5 Qf6 4. Nc3 a6 5. Bc4 b5 6. Be2 Bb4 7. Nd5 Qd6 8. O-O
Nf6 9. Nxf6+ Qxf6 10. a3 Bc5 11. b4 Bd6 12. c3 Bb7 13. Bb2 Na7 14. d3 1-0

[Event "AUTO-OPEN-1026"]
[Site "http://www.queenalice.com/game.php?id=452028"]
[Date "2008.8.22"]
[Round "2"]
[White "rangeljs"]
[Black "od_xavier"]
[Result "0-1"]
[WhiteElo "1751"]
[BlackElo "1807"]

1. e4 e5 2. Bc4 b5 3. Bxb5 c6 4. Bc4 d5 5. exd5 cxd5 6. Qf3 Nf6 7. d4 e4 8. Bb5+
Bd7 9. Bxd7+ Nbxd7 10. Qc3 Rb8 11. Bg5 Bb4 12. Bd2 Bxc3 13. bxc3 O-O 0-1

[Event "AUTO-OPEN-1026"]
[Site "http://www.queenalice.com/game.php?id=452031"]
[Date "2008.8.22"]
[Round "2"]
[White "alexandre35"]
[Black "rangeljs"]
[Result "1-0"]
[WhiteElo "1383"]
[BlackElo "1737"]

1. e4 e5 2. f4 Nc6 3. Nf3 exf4 4. Bc4 d6 5. d4 Bg4 6. Bxf4 Nxd4 7. Qxd4 Bxf3 8.
gxf3 Qh4+ 9. Bg3 Qg5 10. Nc3 Nf6 11. f4 Qg4 12. Be2 1-0

[Event "AUTO-OPEN-1026"]
[Site "http://www.queenalice.com/game.php?id=452032"]
[Date "2008.8.22"]
[Round "2"]
[White "rangeljs"]
[Black "alexandre35"]
[Result "0-1"]
[WhiteElo "1707"]
[BlackElo "1413"]

1. e4 c5 2. Bc4 e6 3. Nf3 d6 4. d4 cxd4 5. Qxd4 Nc6 6. Qc3 Nf6 7. Bg5 Be7 8. Bb5
Nxe4 9. Bxc6+ Bd7 10. Bxe4 Bxg5 11. Qxg7 Bf6 0-1

[Event "AUTO-OPEN-981"]
[Site "http://www.queenalice.com/game.php?id=453550"]
[Date "2008.8.25"]
[Round "2"]
[White "mauricio_sm"]
[Black "rangeljs"]
[Result "1-0"]
[WhiteElo "1875"]
[BlackElo "1806"]

1. e4 e5 2. Nf3 Nc6 3. Bb5 Nd4 4. Nxd4 exd4 5. c3 c6 6. Be2 Qg5 7. O-O d5 8. d3
Qg6 9. cxd4 Bh3 10. Bf3 Nf6 11. Kh1 Be6 12. Nc3 Bd6 13. e5 1-0

[Event "AUTO-OPEN-981"]
[Site "http://www.queenalice.com/game.php?id=453551"]
[Date "2008.8.25"]
[Round "2"]
[White "rangeljs"]
[Black "mauricio_sm"]
[Result "0-1"]
[WhiteElo "1793"]
[BlackElo "1888"]

1. d4 d5 2. e3 e6 3. a3 Nf6 4. Nf3 Nc6 5. Bb5 Bd7 6. O-O a6 7. Bxc6 Bxc6 8. b4
Be7 9. Ne5 Bd7 10. Nd2 O-O 11. Nxd7 Qxd7 0-1

[Event "AUTO-OPEN-981"]
[Site "http://www.queenalice.com/game.php?id=453556"]
[Date "2008.8.25"]
[Round "2"]
[White "rangeljs"]
[Black "HILITO"]
[Result "0-1"]
[WhiteElo "1679"]
[BlackElo "2049"]

1. e4 c6 2. Bc4 d5 3. exd5 cxd5 4. Bd3 Nf6 5. Nf3 g6 6. O-O Bg7 7. Nc3 O-O 8.
Bb5 a6 9. Be2 b5 10. d4 Bb7 11. Bg5 Nbd7 12. Bxf6 exf6 13. h3 Rc8 14. a4 b4 15.
Na2 a5 16. Bb5 f5 0-1

[Event "AUTO-OPEN-981"]
[Site "http://www.queenalice.com/game.php?id=453557"]
[Date "2008.8.25"]
[Round "2"]
[White "HILITO"]
[Black "rangeljs"]
[Result "1-0"]
[WhiteElo "2051"]
[BlackElo "1677"]

1. e4 e5 2. Nf3 Nc6 3. Bb5 Qf6 4. O-O a6 5. Ba4 b5 6. Bb3 Bb7 7. d3 h6 8. Nc3
Bb4 9. Nd5 Qd6 10. c3 Bc5 11. d4 exd4 12. e5 Qg6 13. Nxc7+ Kd8 14. Bc2 f5 15.
Nh4 1-0